000 00261nam a22001217a 4500
020 _a0-00-435269-6
082 _a641.5 WRI'B
100 _aWRIGHT, CAROL
_976647
245 _aBUDGET RECIPES
260 _aLONDON
_bCOLLINS
_c1973
300 _a104P
942 _cBK
999 _c581996
_d581996